[Event "Chigorin Mem"]
[Site "St Petersburg RUS"]
[Date "2000.10.31"]
[Round "1"]
[White "Grebenschikova,N"]
[Black "Rusanov,M"]
[Result "0-1"]
[WhiteElo "2082"]
[BlackElo "2405"]

1.e4 e6 2.d4 d5 3.Nc3 Nf6 4.e5 Nfd7 5.Nf3 c5 6.Bf4 cxd4 7.Nxd4 Nc6 8.Bb5 Nxd4
9.Qxd4 a6 10.Bxd7+ Bxd7 11.Ne2 Rc8 12.Qd2 Be7 13.c3 O-O 14.O-O Bb5 15.Rfe1 Bxe2
16.Rxe2 Rc4 17.Rd1 Qa5 18.a3 Qa4 19.Be3 b5 20.Bd4 a5 21.Rb1 Qb3 22.Qd1 Qxd1+
23.Rxd1 Rfc8 24.g3 Kf8 25.f3 Ke8 26.Kf2 Ra4 27.Ree1 b4 28.axb4 axb4 29.Ra1 Rca8
30.Rxa4 Rxa4 31.Re2 b3 32.Ke3 Kd7 33.Kd3 Kc6 34.Rd2 Kb5 35.f4 Ra1 36.Be3 Rb1
37.Bd4 Rh1 38.Be3 g6 39.Bd4 h5 40.Be3 h4 41.gxh4 Bxh4 42.Rg2 Rb1 43.Re2 Be7
44.Rd2 Ra1 45.Rg2 Ra8 46.Rg1 Rh8 47.Rg2 Rh3 48.Ke2 Kc4 49.Bf2 Ba3 50.bxa3 b2
51.Rg1 Kxc3  0-1

[Event "Chigorin Mem"]
[Site "St Petersburg RUS"]
[Date "2000.10.31"]
[Round "1"]
[White "Firman,N"]
[Black "Pushkov,N"]
[Result "1-0"]
[WhiteElo "2361"]
[BlackElo "2546"]

1.e4 e6 2.d4 d5 3.Nc3 Nf6 4.e5 Nfd7 5.f4 c5 6.Nf3 Nc6 7.Be3 a6 8.Qd2 b5 9.dxc5 Bxc5
10.Bxc5 Nxc5 11.Bd3 b4 12.Nd1 Qb6 13.Ne3 a5 14.O-O Nxd3 15.cxd3 Ba6 16.Kh1 Nd4
17.Nh4 Qd8 18.Qf2 O-O 19.Rad1 Rc8 20.f5 exf5 21.Nhxf5 Ne6 22.Qg3 d4 23.Nxg7 Qg5
24.Qxg5 Nxg5 25.Nef5 Rc2 26.h4 Bb7 27.hxg5 Bxg2+ 28.Kg1 Bxf1 29.Rxf1 Rfc8
30.Nh5 R8c7 31.e6 Kf8 32.e7+ Rxe7 33.Nxe7 Kxe7 34.Rf2 Rc1+ 35.Kg2 a4 36.Ng3 Rd1
37.Nf5+ Kd7 38.Nxd4 Rxd3 39.Nf3 Re3 40.Rd2+ Kc6 41.Kf2 Re7 42.Rd4 Kc5 43.Rh4 Ra7
44.Rxh7 a3 45.b3 Kb6 46.g6  1-0

[Event "34th Olympiad"]
[Site "Istanbul TUR"]
[Date "2000.11.01"]
[Round "5"]
[White "Varley,P"]
[Black "Daly,C"]
[Result "0-1"]
[WhiteElo "2257"]
[BlackElo "2357"]

1.e4 e6 2.d4 d5 3.Nc3 Nf6 4.e5 Nfd7 5.f4 c5 6.Nf3 Nc6 7.Be3 cxd4 8.Nxd4 Bc5
9.Qd2 a6 10.h4 Bxd4 11.Bxd4 b5 12.a3 h5 13.g3 Qc7 14.Rh2 Bb7 15.Rf2 g6 16.Nxd5 exd5
17.e6 Nxd4 18.exd7+ Kxd7 19.Qxd4 Rhe8+ 20.Kd2 Re4 21.Qf6 Qc5 22.Re2 Rxe2+
23.Bxe2 Re8 24.Re1 Re7 25.c3 Qe3+ 26.Kd1 Kc7 27.Qd4 Bc8 28.Qxe3 Rxe3 29.Rg1 Bg4
30.Bxg4 hxg4 31.Re1 Rxg3 32.Re7+ Kd6 33.Rxf7 Ke6 34.Ra7 Re3 35.Kd2 Re4 36.Rxa6+ Kf5
37.Rd6 g3 38.Rxd5+ Kxf4 39.Rxb5 Kf3 40.Rg5 Rg4 41.Re5 g2 42.Re1 Rxh4 43.b4 Rh1
44.Re3+ Kf4 45.Kd3  0-1

[Event "Chigorin Mem"]
[Site "St Petersburg RUS"]
[Date "2000.11.02"]
[Round "3"]
[White "Klimov,S"]
[Black "Kruppa,Y"]
[Result "1-0"]
[WhiteElo "2435"]
[BlackElo "2582"]

1.e4 e6 2.d4 d5 3.Nc3 Nf6 4.e5 Nfd7 5.f4 c5 6.Nf3 a6 7.Be3 Qb6 8.a3 Nc6 9.dxc5 Bxc5
10.Na4 Qa5+ 11.b4 Qxa4 12.bxc5 O-O 13.c4 Qa5+ 14.Qd2 Qxd2+ 15.Kxd2 d4 16.Nxd4 Na5
17.Kc2 Nxc5 18.Nc6 Nxc6 19.Bxc5 Rd8 20.Bb6 Rf8 21.Bc5 Rd8 22.Be2 Bd7 23.Bb6 Re8
24.Rad1 Nb8 25.Kb3 Bc6 26.Bf3 Bxf3 27.gxf3 h5 28.Rd6 Nc6 29.Rd7 Ne7 30.Rhd1 Ng6
31.R1d4 Reb8 32.c5 Nh4 33.Rd3 Ng2 34.R3d4 Ne3 35.Bc7 Rc8 36.Bd6 Nf5 37.Rc4 Rc6
38.Rxb7 Rac8 39.Rb6 Kh7 40.Rxc6 Rxc6 41.Rb4 Kg6 42.Rb6 Rc8 43.Kc4 Nh4 44.c6 Nxf3
45.c7 Nxh2 46.Rb8 Rxc7+ 47.Bxc7 h4 48.Rb3 Ng4 49.Rh3 Kh5 50.Bd8 f6 51.exf6 gxf6
52.a4 Nf2 53.Rf3 Ne4 54.Kd4 Ng3 55.Bxf6 Kg4 56.Rf2 h3 57.Ke5 Nh5 58.Kxe6 Kg3
59.Ra2 h2 60.Ra1  1-0

[Event "ch-POL Semi-Finals"]
[Site "Polanczyk POL"]
[Date "2000.11.12"]
[Round "9"]
[White "Warszawski,B"]
[Black "Luba,L"]
[Result "1-0"]
[WhiteElo "2173"]
[BlackElo "2039"]

1.e4 e6 2.d4 d5 3.Nc3 Nf6 4.e5 Nfd7 5.Nce2 c5 6.c3 Nc6 7.f4 b5 8.Nf3 b4 9.g3 c4
10.Bh3 a5 11.O-O g6 12.g4 h5 13.f5 hxg4 14.fxe6 gxf3 15.exf7+ Kxf7 16.Rxf3+ Kg7
17.e6 Nf6 18.Bg5 Be7 19.Qd2 Ne4 20.Bh6+ Kg8 21.Qf4 Bf6 22.Kh1 Ra7 23.Rg1 g5
24.Bxg5 Bxg5 25.e7 Rxe7 26.Bxc8 Rhh7 27.Qf5 Kh8 28.Be6 Rh6 29.Bxd5 Reh7 30.Rg2 Ne7
31.Qf8+ Qxf8 32.Rxf8+ Kg7 33.Rf7+ Kg6 34.Nf4+  1-0

[Event "Tch-ISL"]
[Site "Reykjavik ISL"]
[Date "2000.11.19"]
[Round "4"]
[White "Ulfarsson,M"]
[Black "Jonasson,B"]
[Result "1-0"]
[WhiteElo "2290"]
[BlackElo "2290"]

1.e4 e6 2.d4 d5 3.Nc3 Nf6 4.e5 Nfd7 5.f4 c5 6.Nf3 Nc6 7.Be3 Qb6 8.Na4 Qa5+
9.c3 c4 10.b4 cxb3 11.axb3 b5 12.Nc5 Qb6 13.b4 a5 14.Bd3 g6 15.h4 h5 16.Qb1 Ne7
17.bxa5 Rxa5 18.Rxa5 Qxa5 19.O-O Nf5 20.Bf2 Nxc5 21.dxc5 Bd7 22.Qb2 Qa6 23.Ra1 Qb7
24.Qa3 Bc6 25.Qa6 Qd7 26.Qb6 Be7 27.Ra7 Bd8 28.Qb8  1-0

[Event "72nd ch-GER"]
[Site "Seebad Heringsdorf GER"]
[Date "2000.11.19"]
[Round "3"]
[White "Schramm,C"]
[Black "Sielecki,C"]
[Result "0-1"]
[WhiteElo "2326"]
[BlackElo "2424"]

1.e4 e6 2.d4 d5 3.Nc3 Nf6 4.e5 Nfd7 5.f4 c5 6.Nf3 Nc6 7.Be3 cxd4 8.Nxd4 Bc5
9.Qd2 O-O 10.O-O-O a6 11.Kb1 Bxd4 12.Bxd4 b5 13.h4 b4 14.Na4 Nxd4 15.Qxd4 a5
16.Bb5 Rb8 17.Bd3 Bb7 18.Bb5 Qc7 19.Bxd7 Qxd7 20.b3 Bc6 21.Nc5 Qe7 22.Nd3 Bb5
23.Ne1 Be2 24.Rd2 Bg4 25.Nd3 Bf5 26.Nf2 h5 27.g3 Rfc8 28.Nd3 a4 29.Kb2 Qb7
30.Rc1 Qb5 31.Rf2 Qa5 32.Kb1 Rc3 33.Rd2 axb3 34.cxb3 Bxd3+ 35.Rxd3 Rxc1+
36.Kxc1 Qxa2 37.Kd1 Rc8 38.f5 Rc2 39.Ke1 Re2+ 40.Kf1 Rh2  0-1

[Event "9th It"]
[Site "Sonnevanck NED"]
[Date "2000.12.01"]
[Round "4"]
[White "Solleveld,Maa"]
[Black "Stellwagen,D"]
[Result "1-0"]
[WhiteElo "2426"]
[BlackElo "2285"]

1.e4 e6 2.d4 d5 3.Nc3 Nf6 4.e5 Nfd7 5.f4 c5 6.Nf3 Nc6 7.Be3 cxd4 8.Nxd4 Bc5
9.Qd2 O-O 10.O-O-O a6 11.h4 Nxd4 12.Bxd4 b5 13.Rh3 b4 14.Na4 Bxd4 15.Qxd4 Qa5
16.b3 Bb7 17.c3 Rfc8 18.Kb2 bxc3+ 19.Rxc3 Rxc3 20.Qxc3 Qd8 21.g3 Rc8 22.Qe3 Bc6
23.Nc3 a5 24.Bd3 Rb8 25.Ne2 a4 26.Rc1 Ba8 27.Qa7 axb3 28.axb3 Rc8 29.Rxc8 Qxc8
30.Ba6 Qd8 31.Nd4 Kf8 32.Bb5 Nb6 33.h5 Kg8 34.g4 h6 35.Ka2 Nc4 36.bxc4 dxc4
37.Kb2 Bd5 38.Ba4 Be4 39.Kc3 Bd3 40.Bc6 Kh7 41.Qa8 Qh4 42.Be4+ Bxe4 43.Qxe4+ Kg8
44.Qa8+ Kh7 45.Qf3 Qe1+ 46.Kxc4 Qc1+ 47.Kd3 Qb1+ 48.Kd2 Qb2+ 49.Nc2 Qb6 50.Ke2 Qg1
51.Ne3 Qh2+ 52.Qf2 Qh1 53.Qg2 Qb1 54.Kf2 Qd3 55.Kf3 Qd4 56.Qc2+ Kg8 57.Ng2 Qd5+
58.Kg3 Qd4 59.Qf2 Qe4 60.Qe3 Qc2 61.Ne1 Qd1 62.Nf3 Qb1 63.Qd4 Qb8 64.Qd7 Qa8
65.Qe7 Qc8 66.g5  1-0

[Event "Open"]
[Site "Zadar CRO"]
[Date "2000.12.09"]
[Round "1"]
[White "Zelic,Ml"]
[Black "Saric,A"]
[Result "1-0"]
[WhiteElo "2296"]
[BlackElo "2229"]

1.e4 e6 2.d4 d5 3.Nc3 Nf6 4.e5 Nfd7 5.f4 c5 6.Nf3 cxd4 7.Nxd4 Bc5 8.Be3 a6
9.Qg4 O-O 10.O-O-O b5 11.Bd3 Qb6 12.Rhe1 f5 13.Qh4 g6 14.g4 Bxd4 15.Bxd4 Qxd4
16.gxf5 Nc5 17.Be4 Qc4 18.Nxd5 Nxe4 19.Ne7+ Kg7 20.Rxe4 Qxe4 21.f6+ Kf7 22.Qxh7+ Ke8
23.Nd5 Ra7 24.Qxa7 Nd7 25.Qc7 Kf7 26.Nb6 Qe3+ 27.Kb1 g5 28.Nxd7 Bxd7 29.Qxd7+ Kg6  1-0

[Event "67th ch-BRA"]
[Site "Teresina BRA"]
[Date "2000.12.14"]
[Round "8"]
[White "Coelho,L"]
[Black "De Souza Haro,P"]
[Result "1-0"]
[WhiteElo "2164"]
[BlackElo "2268"]

1.e4 e6 2.d4 d5 3.Nc3 Nf6 4.e5 Nfd7 5.f4 c5 6.Nf3 a6 7.Be3 Qb6 8.a3 Nc6 9.Be2 cxd4
10.Nxd4 Qc7 11.Qd2 Nxd4 12.Bxd4 b5 13.O-O Bc5 14.Kh1 Bxd4 15.Qxd4 Bb7 16.Bxb5 axb5
17.Nxb5 Qb8 18.Nd6+ Ke7 19.Qb4 Ba6 20.Nf5+ Kd8 21.Qe7+ Kc7 22.Rf3 exf5 23.Rc3+ Bc4
24.Rd1 Qb5 25.b3 Rhd8 26.Qxf7 Rf8 27.Qxg7 Rg8 28.Qxh7 Qc6 29.Qxf5 Raf8 30.Qh7 Rh8
31.Qe7 Re8 32.Qb4 Rb8 33.Qa5+ Nb6 34.bxc4 dxc4 35.Rd6  1-0

[Event "2nd Viking GMB"]
[Site "York ENG"]
[Date "2000.12.15"]
[Round "3"]
[White "Van der Weide,K"]
[Black "Summerscale,A"]
[Result "1-0"]
[WhiteElo "2467"]
[BlackElo "2459"]

1.e4 e6 2.d4 d5 3.Nc3 Nf6 4.e5 Nfd7 5.f4 c5 6.Nf3 Nc6 7.Be3 a6 8.Qd2 b5 9.dxc5 Bxc5
10.Bxc5 Nxc5 11.Qf2 Qb6 12.b4 Nxb4 13.Rb1 d4 14.Nxd4 Ne4 15.Nxe4 Qxd4 16.Nd6+ Ke7
17.c4 Bd7 18.Rb2 Nc6 19.cxb5 axb5 20.Bxb5 Rhb8 21.O-O f6 22.Bxc6 Qxf2+ 23.Rbxf2 Bxc6
24.Rc1 Ra6 25.Rfc2 Kd7 26.Rd2 Ke7 27.h3 Rd8 28.Kh2 Rd7 29.Rdc2 Ba4 30.Rc8 Rd8
31.Rxd8 Kxd8 32.Nb7+ Ke8 33.Rc7 fxe5 34.fxe5 Bd1 35.Rxg7 Rxa2 36.Rxh7 Re2
37.Nd6+ Kf8 38.Rf7+ Kg8 39.Rf1 Bb3 40.Rf3 Bd5 41.Rg3+ Kh7 42.Rg5 Rf2 43.Ne8 Kh6
44.Rg3 Re2 45.Nf6 Bc6 46.Kg1 Rd2 47.Kh2 Re2 48.h4 Ba4 49.Rg5 Bc6 50.Kg1 Rd2
51.Rg4 Bxg2 52.Ng8+  1-0

[Event "TCh-SVK"]
[Site "SVK"]
[Date "2000.12.17"]
[Round "6"]
[White "Pinter,E"]
[Black "Vrana,F"]
[Result "0-1"]
[WhiteElo "2238"]
[BlackElo "2285"]

1.e4 e6 2.d4 d5 3.Nc3 Nf6 4.e5 Nfd7 5.f4 c5 6.Nf3 Nc6 7.Be3 a6 8.Qd2 b5 9.dxc5 Bxc5
10.Bxc5 Nxc5 11.Bd3 Qb6 12.Qf2 Bb7 13.O-O O-O-O 14.Ne2 f6 15.exf6 gxf6 16.Ned4 Ne4
17.Qe3 e5 18.Nf5 Qxe3+ 19.Nxe3 Nd6 20.fxe5 fxe5 21.Ng5 e4 22.Be2 d4 23.Nd5 Ne5
24.Nf4 Ndc4 25.Nfe6 Rdg8 26.g3 Rg6 27.Bh5 Rh6 28.g4 Rg8 29.Rf5 d3 30.cxd3 Nxd3
31.Raf1 Nce5 32.Nc5 Nxc5 33.Rxe5 Nd7 34.Ref5 e3 35.Re1 Rxh5 36.gxh5 Be4 37.Rf4 Rxg5+
38.Kf1 Bd3+ 39.Re2 Rc5  0-1

[Event "ch-ISR"]
[Site "Ramat-Aviv/Modiin ISR"]
[Date "2000.12.19"]
[Round "3"]
[White "Bar,R"]
[Black "Roiz,M"]
[Result "1/2-1/2"]
[WhiteElo "2354"]
[BlackElo "2440"]

1.e4 e6 2.d4 d5 3.Nc3 Nf6 4.e5 Nfd7 5.f4 c5 6.Nf3 a6 7.Be3 Qb6 8.Na4 Qa5+
9.c3 cxd4 10.b4 Qc7 11.Qxd4 a5 12.b5 b6 13.Be2 Nc5 14.O-O Nbd7 15.Nb2 a4
16.c4 a3 17.Nd1 dxc4 18.Qxc4 Bb7 19.Nc3 Be7 20.Nd4 O-O 21.Nc6 Bxc6 22.bxc6 Nb8
23.Nb5 Qc8 24.c7 Nc6 25.Bf3 Ra4 26.Qe2  1/2-1/2

[Event "Ambassador Open"]
[Site "Bern SUI"]
[Date "2000.12.27"]
[Round "3"]
[White "Franzoni,G"]
[Black "Kolly,J"]
[Result "1/2-1/2"]
[WhiteElo "2430"]
[BlackElo "2199"]

1.e4 e6 2.d4 d5 3.Nc3 Nf6 4.e5 Nfd7 5.f4 c5 6.Nf3 Nc6 7.Be3 a6 8.Qd2 b5 9.dxc5 Nxc5
10.Qf2 b4 11.Bxc5 bxc3 12.b3 Be7 13.Bxe7 Qxe7 14.Bd3 Bb7 15.O-O g6 16.a3 h5
17.b4 O-O 18.Rfb1 Rfc8 19.Rb3 Rc7 20.Nd4 Nxd4 21.Qxd4 Rac8 22.a4 Qh4 23.Rf1 Qg4
24.Rbb1 Qh4 25.b5 axb5 26.axb5 Qd8 27.Rb3 Rc5 28.Ra1 Qc7 29.h3 Rd8 30.Rb4 Rc8
31.Kh2 Kg7 32.b6 Qc6 33.Ra7 Rb8 34.Ba6 Bxa6 35.Rxa6 Rb5 36.h4 Kg8 37.Kg3 Kg7
38.Kf2 Kg8 39.Kg3 Kg7 40.Kf2 Kg8 41.g3 Kg7 42.Rxb5 Qxb5 43.Ra3 Qb1 44.Rxc3 Rxb6
45.Rc8  1/2-1/2

[Event "Christmas Open"]
[Site "Zurich SUI"]
[Date "2000.12.28"]
[Round "4"]
[White "Fierz,M"]
[Black "Moor,O"]
[Result "0-1"]
[WhiteElo "2185"]
[BlackElo "2381"]

1.e4 e6 2.d4 d5 3.Nc3 Nf6 4.e5 Nfd7 5.f4 c5 6.Nf3 Nc6 7.Be3 cxd4 8.Nxd4 Bc5
9.Qd2 a6 10.O-O-O O-O 11.h4 Bxd4 12.Bxd4 b5 13.Rh3 b4 14.Na4 Nxd4 15.Qxd4 a5
16.Bb5 Rb8 17.Bd3 Qc7 18.Kb1 Qc6 19.b3 Ba6 20.f5 Rfc8 21.Bxa6 Qxa6 22.Rhd3 Qc6
23.R1d2 Re8 24.Rg3 Qc7 25.fxe6 fxe6 26.Re2 Re7 27.Rf3 Rf8 28.Rxf8+ Kxf8 29.c3 Rf7
30.Kb2 Rf1 31.Qd3 Kg8 32.Rc2 Rf5 33.cxb4 Qxe5+ 34.Qc3 axb4 35.Qxe5 Rxe5 36.a3 bxa3+
37.Kxa3 d4 38.Rc6 Nf6 39.Nc5 Kf7 40.b4 Re3+ 41.Kb2 d3 42.b5 d2 43.Kc2 Re2
44.Rd6 Nd5 45.b6 Ne3+ 46.Kb3 d1=Q+ 47.Rxd1 Nxd1 48.Nd3 Rd2  0-1

[Event "Troll Masters"]
[Site "Gausdal NOR"]
[Date "2001.01.10"]
[Round "7"]
[White "Gallagher,Jo"]
[Black "Brynell,S"]
[Result "1/2-1/2"]
[WhiteElo "2519"]
[BlackElo "2462"]

1.e4 e6 2.d4 d5 3.Nc3 Nf6 4.e5 Nfd7 5.f4 c5 6.Nf3 Nc6 7.Be3 cxd4 8.Nxd4 Bc5
9.Qd2 O-O 10.O-O-O a6 11.Nb3 Bb4 12.Bd3 b5 13.Rhf1 Bb7 14.Rf3 Rc8 15.Rh3 f5
16.exf6 Nxf6 17.Bc5 Rf7 18.Bxb4 Nxb4 19.a3 Nxd3+ 20.Rxd3 Qb6 21.Qe3 Qxe3+
22.Rxe3 Ng4 23.Rxe6 Rxf4 24.Re7 Rf7 25.Rxf7 Kxf7 26.Rf1+ Ke6 27.h3 Nf6 28.Nd4+ Ke5
29.Nf3+ Kd6 30.Nd4  1/2-1/2

[Event "Corus Reserve Gp"]
[Site "Wijk aan Zee NED"]
[Date "2001.01.16"]
[Round "1"]
[White "Wiersma,E"]
[Black "Happel,H"]
[Result "1-0"]
[WhiteElo "2404"]
[BlackElo "2224"]

1.e4 e6 2.d4 d5 3.Nc3 Nf6 4.e5 Nfd7 5.Nce2 c5 6.c3 Nc6 7.f4 b5 8.a3 b4 9.axb4 cxb4
10.Nf3 Nb6 11.f5 Be7 12.Nf4 O-O 13.Bb5 Nb8 14.fxe6 Bxe6 15.Nxe6 fxe6 16.O-O bxc3
17.bxc3 N8d7 18.Bd3 Nc4 19.Qc2 h6 20.Bxc4 dxc4 21.Qg6 Rf7 22.Qxe6 Nb6 23.Ng5  1-0

[Event "IM Closed"]
[Site "Martinenc ESP"]
[Date "2001.01.17"]
[Round "10"]
[White "Serra Pages,J"]
[Black "Torrecillas Martinez,A"]
[Result "0-1"]
[WhiteElo "2188"]
[BlackElo "2372"]

1.e4 e6 2.d4 d5 3.Nc3 Nf6 4.e5 Nfd7 5.f4 c5 6.Nf3 Nc6 7.Be3 a6 8.Qd2 cxd4
9.Nxd4 Bc5 10.Nxc6 bxc6 11.Bxc5 Nxc5 12.Qf2 Qa5 13.Bd3 Rb8 14.O-O Rxb2 15.Nb5 Rxb5
16.Bxb5 Qxb5 17.c4 dxc4 18.Rab1 Qa5 19.Qd4 Nd7 20.Qxc4 c5 21.f5 Nxe5 22.Qe4 f6
23.fxe6 Qc7 24.Qa4+ Ke7 25.Qa3 Kxe6 26.Rf2 Kf7 27.Qb3+ c4 28.Qb6 Qxb6 29.Rxb6 Rd8
30.Rc2 Ng4 31.Rc1 Rd2 32.h3 Ne5 33.a3 h5 34.Rb8 Be6 35.Rb6 Bd5 36.Rxa6 Bxg2
37.Ra7+ Kg6 38.Kh2 h4  0-1

[Event "Corus B"]
[Site "Wijk aan Zee NED"]
[Date "2001.01.17"]
[Round "2"]
[White "Van der Weide,K"]
[Black "Visser,Y"]
[Result "1/2-1/2"]
[WhiteElo "2463"]
[BlackElo "2442"]

1.e4 e6 2.d4 d5 3.Nc3 Nf6 4.e5 Nfd7 5.f4 c5 6.Nf3 Nc6 7.Be3 a6 8.Qd2 b5 9.Bd3 Qb6
10.Qf2 cxd4 11.Nxd4 Bc5 12.Nce2 Na5 13.c3 b4 14.O-O Nc6 15.a3 b3 16.c4 Nxd4
17.Bxd4 Bb7 18.Rac1 Bxd4 19.Qxd4 Qxd4+ 20.Nxd4 Nc5 21.Be2 dxc4 22.Bxc4 O-O
23.Nxb3 Nxb3 24.Bxb3 Rfd8 25.Rfd1 g5 26.fxg5 Be4 27.Bc4 Rac8 28.Bxa6 Rxc1
29.Rxc1 Rd2 30.Bf1 Rxb2 31.Ra1 Kg7 32.a4 Kg6 33.h4 Kf5 34.a5 Kxe5 35.a6 Kd6
36.Ra4 Bd5 37.Rf4 Ke7 38.Rf2 Rb1 39.Kh2 Ra1 40.Bd3 Ra3 41.Bxh7 Rxa6 42.Bg8 e5
43.Rf5 Ra8 44.Rxe5+ Be6 45.Bh7 Rh8 46.g6 fxg6 47.Bxg6 Rxh4+ 48.Kg1 Kf6 49.Rh5  1/2-1/2

[Event "Corus Reserve Gp"]
[Site "Wijk aan Zee NED"]
[Date "2001.01.23"]
[Round "7"]
[White "Aagaard,J"]
[Black "Stellwagen,D"]
[Result "0-1"]
[WhiteElo "2374"]
[BlackElo "2276"]

1.e4 e6 2.d4 d5 3.Nc3 Nf6 4.e5 Nfd7 5.f4 c5 6.Nf3 Nc6 7.Be3 cxd4 8.Nxd4 Bc5
9.Qd2 O-O 10.O-O-O a6 11.h4 Nxd4 12.Bxd4 b5 13.Rh3 Bb7 14.Kb1 b4 15.Ne2 a5
16.Qe3 Qc7 17.Rg3 Ba6 18.Bxc5 Nxc5 19.f5 f6 20.fxe6 fxe5 21.Rf3 d4 22.Nxd4 exd4
23.Rxf8+ Rxf8 24.Qxd4  0-1

[Event "17th Open"]
[Site "Geneva SUI"]
[Date "2001.01.25"]
[Round "6"]
[White "Vuilleumier,A"]
[Black "Masserey,Y"]
[Result "1/2-1/2"]
[WhiteElo "2109"]
[BlackElo "2349"]

1.e4 e6 2.d4 d5 3.Nc3 Nf6 4.e5 Nfd7 5.f4 c5 6.Nf3 Nc6 7.Be3 Qb6 8.Na4 Qa5+
9.c3 c4 10.b4 Qc7 11.Be2 Be7 12.O-O b5 13.Nc5 a5 14.a3 O-O 15.Qd2 Nxc5 16.dxc5 axb4
17.axb4 Bd7 18.Nd4 Nxd4 19.Bxd4 Qc6 20.Qe3 Ra6 21.Qg3 g6 22.h4 Rfa8 23.Rxa6 Rxa6
24.h5 Ra2 25.hxg6 fxg6 26.Bf3 Bc8 27.Qh3 Qe8 28.Rf2  1/2-1/2

[Event "6th HIT Open"]
[Site "Nova Gorica SLO"]
[Date "2001.02.02"]
[Round "9"]
[White "Moreda,L"]
[Black "Kovacevic,B"]
[Result "1/2-1/2"]
[WhiteElo "2309"]
[BlackElo "2457"]

1.e4 e6 2.d4 d5 3.Nc3 Nf6 4.e5 Nfd7 5.f4 c5 6.Nf3 Nc6 7.Be3 cxd4 8.Nxd4 Bc5
9.Qd2 O-O 10.O-O-O a6 11.Qf2 Nxd4 12.Bxd4 Qc7 13.Bd3 b5 14.Ne2 Be7 15.Kb1 Bb7
16.Rhe1 Rae8 17.Qg3 f5 18.exf6 Bxf6 19.Qh3 g6 20.Bxf6 Rxf6 21.Nd4 Nc5 22.g3 e5
23.Qh4 Kg7 24.fxe5 Rxe5 25.Rf1 Qf7 26.Rxf6 Qxf6 27.Qxf6+ Kxf6 28.Rf1+ Ke7
29.Kc1 Ne6 30.Nf3 Rh5 31.Re1 Kd7 32.h4 d4 33.g4 Rc5 34.Ne5+ Ke7 35.Kd2 Rc8
36.h5 gxh5 37.gxh5 h6 38.Bf5 Bd5 39.Ng6+ Kf6 40.Rf1 Rd8 41.Bd3+ Kg5 42.Rf5+ Kg4
43.Ne5+ Kh4 44.Nf7 Rd7 45.Ne5 Rd8 46.Nf7 Rd7 47.Ne5  1/2-1/2

[Event "FSGM February"]
[Site "Budapest HUN"]
[Date "2001.02.03"]
[Round "1"]
[White "Sherzer,A"]
[Black "Hoang Thanh Trang"]
[Result "1/2-1/2"]
[WhiteElo "2472"]
[BlackElo "2465"]

1.e4 e6 2.d4 d5 3.Nc3 Nf6 4.e5 Nfd7 5.f4 c5 6.Nf3 Nc6 7.Be3 cxd4 8.Nxd4 Bc5
9.Qd2 O-O 10.O-O-O a6 11.h4 Bxd4 12.Bxd4 b5 13.Rh3 b4 14.Na4 Qa5 15.b3 Nxd4
16.Qxd4 Bb7 17.Bd3 Bc6 18.f5 Bxa4 19.bxa4 Qc5 20.Qf4 f6 21.exf6 Rxf6 22.g4 e5
23.Qe3 Rc8 24.Kb1 e4 25.Bxe4 dxe4 26.Qb3+ Kh8 27.Rxd7 Qg1+ 28.Kb2 Qxg4 29.Qg3 Qxg3
30.Rxg3 Rxf5 31.Rgxg7 Rh5 32.Rg4 Re8 33.Rd2 a5 34.a3 bxa3+ 35.Kxa3 Rf5 36.Re2 Rf3+
37.Kb2 e3 38.Kc3 Rf2 39.Kd3 Rf3 40.c4 h6 41.Re4 Rd8+ 42.Rd4 Rb8 43.Re4 Rd8+
44.Kc3 Kg7 45.R2xe3 Rf1 46.Rd3 Rb8 47.Rd5 Rc1+ 48.Kd2 Ra1 49.Rxa5 Rb3 50.Kc2 Rh3
51.Kb2 Rf1 52.Rae5 Rff3 53.a5 Rb3+ 54.Ka2 Ra3+ 55.Kb2 Rab3+ 56.Kc2 Rbc3+
57.Kd2 Ra3 58.Ke1 Rh2 59.Kf1 Ra1+ 60.Re1 Ra4 61.R5e4 Rxa5 62.R1e2 Ra1+ 63.Re1 Rh1+
64.Kf2 Raxe1 65.Rxe1 Rxh4 66.Rc1 Kf7 67.Ke3 Ke6 68.Kd3 Kd6 69.Rf1 h5 70.Rf5 Kc6
71.Kc3 Rh1 72.Rf6+ Kc5 73.Rf5+ Kc6 74.Kd4 Rd1+ 75.Ke3 Rc1 76.Kd3 h4 77.Rh5 Rh1
78.Kd4 Rd1+ 79.Kc3 Rh1 80.Rh6+ Kc5 81.Rh5+ Kc6 82.Kb4 Rb1+ 83.Kc3  1/2-1/2

[Event "1st Mario Covas"]
[Site "Santos BRA"]
[Date "2001.02.08"]
[Round "11"]
[White "Benares,R"]
[Black "Lima,Da"]
[Result "0-1"]
[WhiteElo "2276"]
[BlackElo "2544"]

1.e4 e6 2.d4 d5 3.Nc3 Nf6 4.e5 Ne4 5.Nxe4 dxe4 6.Be3 c5 7.dxc5 Nd7 8.c3 Qc7
9.Qa4 Bxc5 10.Bxc5 Qxc5 11.Bb5 a6 12.Be2 Qxe5 13.Rd1 O-O 14.Rxd7 Bxd7 15.Qxd7 Qg5
16.Bf1 Rad8  0-1

[Event "FSGM February"]
[Site "Budapest HUN"]
[Date "2001.02.11"]
[Round "8"]
[White "Szieberth,A"]
[Black "Hoang Thanh Trang"]
[Result "1-0"]
[WhiteElo "2400"]
[BlackElo "2465"]

1.e4 e6 2.d4 d5 3.Nc3 Nf6 4.e5 Nfd7 5.f4 c5 6.Nf3 Nc6 7.Be3 cxd4 8.Nxd4 Bc5
9.Qd2 O-O 10.O-O-O a6 11.h4 Bxd4 12.Bxd4 b5 13.h5 b4 14.Na4 Qa5 15.b3 Bb7
16.h6 g6 17.Kb1 Nxd4 18.Qxd4 Bc6 19.Nb2 Qc5 20.Rh3 Rfc8 21.Qd2 a5 22.c3 Bb5
23.Bxb5 bxc3 24.Rxc3 Qxb5 25.Rdc1 Rcb8 26.Rc7 a4 27.Qd3 Qxd3+ 28.Nxd3 Nb6
29.Nc5 axb3 30.axb3 Nc4 31.Kc2 Ne3+ 32.Kd2 Ng4 33.Nd7 Rd8 34.Nf6+ Nxf6 35.exf6 Rab8
36.R1c3 d4 37.Rd3 Rd5 38.b4 Rf5 39.Rxd4 Rxf6 40.b5 e5 41.fxe5 Rfb6 42.Rcd7 Re8
43.R4d5 Kf8 44.Rc7 g5 45.Rdd7 Rxh6 46.Rxf7+ Kg8 47.Rg7+ Kh8 48.Rxg5 Rb6 49.Rc5 h6
50.Rg3 Rbe6 51.Rc6 Kh7 52.Rxe6 Rxe6 53.Rb3 Rb6 54.Kd3 Kg6 55.Kd4 Kf5 56.Rf3+ Kg4
57.Kc5 Re6 58.Re3 Kf4 59.Re2  1-0

[Event "12th Goodricke Open"]
[Site "Calcutta IND"]
[Date "2001.02.11"]
[Round "6"]
[White "Sharma,D"]
[Black "Neelotpal,D"]
[Result "1-0"]
[WhiteElo "2353"]
[BlackElo "2423"]

1.e4 e6 2.d4 d5 3.Nc3 Nf6 4.e5 Nfd7 5.f4 c5 6.Nf3 Nc6 7.Be3 a6 8.Qd2 b5 9.dxc5 Bxc5
10.Bxc5 Nxc5 11.Qf2 Qb6 12.b4 Nd7 13.a4 Nxb4 14.axb5 a5 15.Qxb6 Nxb6 16.Nd4 f6
17.Na4 fxe5 18.fxe5 Nxa4 19.Rxa4 O-O 20.g3 Bd7 21.Ra3 Rf5 22.c3 Rxf1+ 23.Kxf1 Nd3
24.Nf3 Bxb5 25.Kg2 Nc5 26.Nd4 Bd3 27.Rha1 a4 28.Nb3 Be4+ 29.Kg1 Nxb3 30.Rxb3 Rc8
31.Rb2 Rxc3 32.Rxa4 h5 33.Rb7 Rc1+ 34.Kf2 Rc2+ 35.Ke3 Rc3+ 36.Kd4 Rd3+ 37.Kc5 Kh7
38.Raa7 Kh6 39.Rxg7 Bf5 40.Rgf7 Rc3+ 41.Kd6 h4 42.g4 Bg6 43.Rf6 d4 44.Kxe6 d3
45.Rd7 Rc2 46.Rxd3 Rxh2 47.Rd8 Rg2 48.Rh8+ Kg7 49.Rxh4  1-0

[Event "Masters"]
[Site "Bunratty IRL"]
[Date "2001.02.17"]
[Round "4"]
[White "Parker,J"]
[Black "Heidenfeld,M"]
[Result "1-0"]
[WhiteElo "2545"]
[BlackElo "2369"]

1.e4 e6 2.d4 d5 3.Nc3 Nf6 4.e5 Nfd7 5.Nce2 b6 6.Nf4 Ba6 7.Bxa6 Nxa6 8.c3 c5
9.Qd3 Qc8 10.a3 Nc7 11.Qg3 a5 12.Nge2 Qa6 13.O-O a4 14.Be3 Qb5 15.Rab1 Nb8
16.Rfc1 Qc4 17.Qf3 Nc6 18.Nh5 Na5 19.Bg5 h6 20.Bh4 Rh7 21.Re1 Be7 22.Bxe7 Kxe7
23.Qg4 Ne8 24.f4 g6 25.Nf6 Nxf6 26.Qh4 Kd7 27.Qxf6 Nc6 28.Rbd1 Ne7 29.Qh4 Rg8
30.Qf2 g5 31.Ng3 Kc7 32.f5 h5 33.fxe6 fxe6 34.Nxh5 Rxh5 35.Qf7 Rgh8 36.Qxe7+ Kb8
37.Rf1 R5h6 38.Rf7 Qa6 39.Rdf1 Rc8 40.dxc5  1-0

[Event "5th United Insurance"]
[Site "Dhaka BAN"]
[Date "2001.02.26"]
[Round "8"]
[White "Reefat,S"]
[Black "Vakhidov,T"]
[Result "0-1"]
[WhiteElo "2458"]
[BlackElo "2482"]

1.e4 e6 2.d4 d5 3.Nc3 Nf6 4.e5 Nfd7 5.f4 c5 6.Nf3 Nc6 7.Be3 a6 8.Qd2 cxd4
9.Nxd4 Bc5 10.h4 O-O 11.O-O-O Nxd4 12.Bxd4 b5 13.Rh3 b4 14.Na4 Bxd4 15.Qxd4 a5
16.Bb5 Rb8 17.Be2 Bb7 18.Rg3 Bc6 19.Nc5 Qb6 20.Nxd7 Bxd7 21.f5 Qxd4 22.Rxd4 exf5
23.Rxd5 f4 24.Rgd3 Bb5 25.Rd2 Bc6 26.Rxa5 Bxg2 27.Bc4 f3 28.Bd5 Rb6 29.Rd4 Re6
30.Rf4 g5 31.Rf5 gxh4 32.Bxf3 h3 33.Rd5 Rg6 34.Rd6 h2 35.Bxg2 Rxg2 36.Rh5 Rg1+
37.Rd1 Rd8  0-1

[Event "Open"]
[Site "Cappelle la Grande FRA"]
[Date "2001.02.27"]
[Round "5"]
[White "Tissir,M"]
[Black "Vysochin,S"]
[Result "0-1"]
[WhiteElo "2364"]
[BlackElo "2533"]

1.e4 e6 2.d4 d5 3.Nc3 Nf6 4.e5 Nfd7 5.f4 c5 6.Nf3 Nc6 7.Be3 a6 8.Qd2 b5 9.dxc5 Bxc5
10.Bxc5 Nxc5 11.Qf2 Qb6 12.b4 Nd7 13.a4 Nxb4 14.axb5 Qc7 15.Kd2 Nc5 16.Qd4 a5
17.Ra3 O-O 18.Bd3 Bb7 19.Rc1 Rfc8 20.Ke1 Qe7 21.Kf1 Ncxd3 22.cxd3 Nc2 23.Rxc2 Qxa3
24.Qb6 Rxc3 25.Qxb7 Rf8 26.Rxc3 Qxc3 27.Ke2 a4  0-1

[Event "Open"]
[Site "Cappelle la Grande FRA"]
[Date "2001.03.02"]
[Round "8"]
[White "Szelag,M"]
[Black "Depyl,P"]
[Result "1-0"]
[WhiteElo "2403"]
[BlackElo "2172"]

1.e4 e6 2.d4 d5 3.Nc3 Nf6 4.e5 Nfd7 5.f4 c5 6.Nf3 Nc6 7.Be3 cxd4 8.Nxd4 Bc5
9.Qd2 a6 10.O-O-O O-O 11.Qf2 Nxd4 12.Bxd4 Qc7 13.Bd3 Bxd4 14.Qxd4 b5 15.Rhe1 Qc5
16.Ne2 b4 17.Qxc5 Nxc5 18.Kd2 a5 19.Nd4 Ba6 20.Ra1 Rfc8 21.a3 Bc4 22.axb4 axb4
23.b3 Bxd3 24.cxd3 Rxa1 25.Rxa1 g6 26.Ra5 Nd7 27.Ra4 Nc5 28.Rxb4 Ra8 29.Rb5 Ra2+
30.Nc2  1-0

[Event "FSIMA March"]
[Site "Budapest HUN"]
[Date "2001.03.03"]
[Round "1"]
[White "Rajlich,V"]
[Black "Jurkovic,A"]
[Result "1-0"]
[WhiteElo "2364"]
[BlackElo "2349"]

1.e4 e6 2.d4 d5 3.Nc3 Nf6 4.e5 Nfd7 5.f4 c5 6.Nf3 Nc6 7.Be3 a6 8.Qd2 b5 9.dxc5 Bxc5
10.Bxc5 Nxc5 11.Qf2 Na4 12.Nxa4 bxa4 13.Qc5 Bd7 14.b4 Qe7 15.Qxe7+ Kxe7 16.a3 Rhc8
17.Bd3 h6 18.Kd2 Nb8 19.Nd4 Ra7 20.h4 Rb7 21.Rh3 Bb5 22.Rg3 Bxd3 23.cxd3 g6
24.h5 gxh5 25.f5 Nc6 26.f6+ Kd7 27.Nxc6 Rxc6 28.Rg7 Kc8 29.Rh1 Rbc7 30.Rxh5 d4
31.Rxh6 Rc2+ 32.Kd1 R2c3 33.Ke2 Rxa3 34.Rh8+ Kb7 35.Rf8 Ra2+ 36.Kf3 a3 37.Rfxf7 Rxf7
38.Rxf7+  1-0

[Event "FSIMA March"]
[Site "Budapest HUN"]
[Date "2001.03.03"]
[Round "1"]
[White "Kahn,E"]
[Black "Farago,S"]
[Result "1/2-1/2"]
[WhiteElo "2288"]
[BlackElo "2285"]

1.e4 e6 2.d4 d5 3.Nc3 Nf6 4.e5 Nfd7 5.f4 c5 6.Nf3 Nc6 7.Ne2 Qb6 8.c3 cxd4
9.cxd4 Bb4+ 10.Kf2 O-O 11.a3 Be7 12.g3 f6 13.Kg2  1/2-1/2